000 00399nam a2200181Ia 4500
003 SGT
005 20250812105041.0
008 150201s2000 xx 000 0 und d
040 _cSGT
082 _a610
_bH2000R
100 _aRAGAS
245 _aHIV DISEASE IN INDIA
250 _a1ST
260 _bWRIGHT PUBLICATION
_aMADRAS
_c2000
300 _aJan-80
650 _aMEDICINE
942 _2ddc
_cBK
999 _c3072
_d3072